|
|
|
|
| LEADER |
00000nam0a2200000 4500 |
| 001 |
210183 |
| 005 |
20231101225610.0 |
| 010 |
|
|
|a 9785982812438
|
| 035 |
|
|
|a (RuTPU)RU\TPU\book\229565
|
| 090 |
|
|
|a 210183
|
| 100 |
|
|
|a 20120220d2012 k y0rusy50 ca
|
| 101 |
0 |
|
|a rus
|
| 102 |
|
|
|a RU
|
| 105 |
|
|
|a y z 000zy
|
| 200 |
1 |
|
|a Гендерная социология и российская реальность
|e монография
|f Г. Г. Силласте
|
| 210 |
|
|
|a Москва
|c Альфа-М
|d 2012
|
| 215 |
|
|
|a 638 с.
|
| 330 |
|
|
|a Монография заслуженного деятеля науки РФ профессора Галины Силласте - это своего рода онтология российской реальности в тендерном измерении, отражающая многогранные перемены в положении российскихжен-шин на всем протяжении перехода России к рыночной экономике. Книга основана на богатом эмпирическом материале социологических исследований. Она раскрывает становление и развитие отечественной тендерной со циологии как новой отрасли социологической науки, неразрывно связанной с ее практическим применением в российской действительности. Одна из особенностей монографии состоит в том, что автор по-новому ставит многие дискуссионные теоретические вопросы соггиолопгческого знания и предлагает их новые решения. Монография представляет интерес для специалистов, занимающихся тендерной проблематикой и вопросами социальной политики, студентов, аспирантов, магистрантов, научных работников.
|
| 606 |
1 |
|
|a Гендерная политика
|x Социология
|2 stltpush
|3 (RuTPU)RU\TPU\subj\69867
|9 84542
|
| 606 |
1 |
|
|a Гендерная политика
|x Социология
|2 stltpush
|3 (RuTPU)RU\TPU\subj\69867
|9 84542
|
| 610 |
1 |
|
|a теория
|
| 610 |
1 |
|
|a гендерная социология
|
| 610 |
1 |
|
|a гендерные отношения
|
| 610 |
1 |
|
|a рыночная экономика
|
| 610 |
1 |
|
|a села
|
| 610 |
1 |
|
|a женщины
|
| 610 |
1 |
|
|a политика
|
| 610 |
1 |
|
|a российское образование
|
| 610 |
1 |
|
|a семья
|
| 610 |
1 |
|
|a ценностные ориентации
|
| 610 |
1 |
|
|a мужчины
|
| 610 |
1 |
|
|a общественное мнение
|
| 610 |
1 |
|
|a права
|
| 610 |
1 |
|
|a дискриминация
|
| 610 |
1 |
|
|a насилие
|
| 610 |
1 |
|
|a социальная мобильность
|
| 610 |
1 |
|
|a феминизм
|
| 610 |
1 |
|
|a дауншифтинг
|
| 610 |
1 |
|
|a фриланс
|
| 610 |
1 |
|
|a фрилансеры
|
| 610 |
1 |
|
|a сельское население
|
| 610 |
1 |
|
|a молодежная политика
|
| 610 |
1 |
|
|a женские организации
|
| 610 |
1 |
|
|a выборы
|
| 610 |
1 |
|
|a женские права
|
| 610 |
1 |
|
|a модернизация
|
| 610 |
1 |
|
|a семейные отношения
|
| 610 |
1 |
|
|a наркомания
|
| 610 |
1 |
|
|a духовный мир
|
| 610 |
1 |
|
|a молодые семьи
|
| 610 |
1 |
|
|a СМИ
|
| 610 |
1 |
|
|a монографии
|
| 686 |
|
|
|a С55.53
|v LBC/SL-A
|2 rubbk
|
| 700 |
|
1 |
|a Силласте
|b Г. Г.
|g Галина Георгиевна
|
| 801 |
|
1 |
|a RU
|b 63413507
|c 20120220
|
| 801 |
|
2 |
|a RU
|b 63413507
|c 20200115
|g RCR
|
| 942 |
|
|
|c BK
|
| 959 |
|
|
|a 32/20120220
|d 2
|e 660,00
|f ЧЗГЛ:1
|f АНЛ:1
|